Liedtext Quiz - Lena von Pur - Statistiken

Allgemein
  • Dieses Quiz wurde 113 mal gespielt
  • Das Durchschnittsergebnis liegt bei 196 aus 305
Antwortstatistiken
Antworten % Korrekt
du
99%
Du
99%
Lena
97%
Lena!
97%
es
93%
Die
92%
die
92%
hast
92%
Ich
92%
ich
92%
nicht
89%
Wie
87%
das
86%
leicht
84%
Wenn
84%
ein
83%
am
80%
oft
80%
liege
79%
dass
77%
mich
77%
mich,
77%
Boden
75%
fliege
75%
weit
75%
zu
75%
mir
74%
mir,
74%
Wind
74%
warmer
73%
sind
71%
so
71%
bald
69%
dir
69%
reicht
69%
noch
68%
der
66%
Tage
66%
Erzählst
65%
Bist
64%
bist
64%
dich
64%
Kraft
64%
den
62%
für
60%
Lass'
60%
aneinander
59%
klarer,
59%
doch
58%
reiben
58%
stürmisch
58%
treiben
58%
Seelen
57%
auf
56%
bin
56%
Bin
56%
In
53%
in
53%
Nacht
51%
deine
49%
hält
47%
Mit
47%
viel
47%
von
47%
was
47%
lieb'
46%
Oh,
46%
oh
46%
(ooohh)
46%
Ooooh
46%
weg
46%
bei
45%
einzige,
45%
Mein
45%
mein
45%
Kopf
44%
denn
43%
jetzt
43%
Himmel
42%
nem
42%
brauch'
41%
Heute
41%
fällt
40%
fehlst
40%
Augenringe
39%
gestern
39%
immer
39%
falsch
38%
vermiss'
38%
warum
38%
erzählen
37%
Held
37%
herum
37%
Hörer
37%
ruhige
37%
Typ,
37%
Arena
36%
Glück,
36%
Hand
36%
zum
36%
drauf
35%
Fremdes
35%
Hotel,
35%
aufgewacht
34%
nie
34%
fröstelnd
33%
magst
33%
meinem
33%
neben
33%
dafür,
32%
gehst
32%
Aber
31%
Bruchpiloten
31%
gestrandet
31%
Herz
31%
Gewissen,
29%
meld'
29%
ständig
29%
beißt
28%
gäb'
28%
ran?
28%
Ach,
27%
gut,
27%
satt
27%
sonst
27%
weißt,
27%
Bauch
26%
Luft
26%
Abgestürzt,
25%
Atmen
25%
schwör'
25%
Landebahn
24%
schwaches
24%
Ziel
24%
kennst
23%
Tropfen
23%
alltagsgrau
22%
wahres
22%
sonntagsblau
18%
yeah
16%
(uuuh)
15%
Hey
11%
(Lena-aaaaa)
6%
Lalalalala
5%
Keine übereinstimmenden Quizze gefunden
Verteilung der Resultate
Anzahl Personen mit jedem Resultat
Perzentil nach korrekt beantworteten Fragen
Ihre Resultats-Entwicklung
Sie haben dieses Quiz noch nicht gespielt